000 00395nam a22000977a 4500
008 171002b xxu||||| |||| 00| 0 eng d
100 _aBooth, Lloyd
245 _aThe street railway post offices of Pittsburgh
260 _a[Omaha]
_bMobile Post Office Society
_c1983
650 _aUnited States -- Pennsylvania -- Pittsburgh | Street Car Mail Transportation of Mail | Mobile Post Offices | Postal History
999 _c2493
_d2493